000 00428pab a2200169 454500
008 180718b1965 xxu||||| |||| 00| 0 eng d
100 _aDemerath, Nicholas J.
245 _aFamily planning: Plans and action
260 _c1965
300 _ap.683-697.
362 _aOct-Dec
650 _aBirth control
650 _aFamily planning
773 _aIndian Journal of Public Administration
908 _aN
909 _a100316
999 _c100315
_d100315